El bardo Kerib : cuento oriental = Ashug Karibi = Ashik Kerib /

保存先:
書誌詳細
第一著者: Parajanov, Sergei (realización)
その他の著者: Abashidze, Dodo (realización) (realización), Badridze, Gia (guión) (guión), Yavuryan, Albert (fotógrafo) (fotógrafo), Magalashvili, Eka (vestuario) (vestuario), Kuliyev, Dzhavanshir (música) (música), Mgoyan, Yuri (actuación) (actuación), Chiaureli, Sofiko (actuación) (actuación), Chkhikvadze, Ramaz (actuación) (actuación)
フォーマット: スライド
出版事項: Tbilisi, Georgia : Qartuli Pilmi, 1988
主題:
タグ: タグ追加
タグなし, このレコードへの初めてのタグを付けませんか!

MARC

LEADER 00000ngm^a2200000^a^4500
001 000376658
005 20250521000000.0
009 20260310120329.808
037 |a Acervo ITESO - Biblioteca 
041 |a OTR 
082 |a 891. 7  |b PAR V. 4 
100 |a Parajanov, Sergei  |e (realización) 
240 1 5 |a [The Films of Sergei Paradjanov] 
240 1 1 |a [Ashik Kerib] 
245 1 3 |a El bardo Kerib :  |b cuento oriental = Ashug Karibi = Ashik Kerib /  |c Realización de S. Parajanov, D. Abashidze. 
246 2 |a Título en México: Ashik Kerib 
246 2 |a Título alternativo en español (España): Ashik-Kerib 
246 2 |a Título en la pantalla: El bardo Kerib 
246 2 |a Título en la cubierta: Ashik Kerib 
264 1 |a Tbilisi, Georgia :  |b Qartuli Pilmi,  |c 1988 
264 2 |a Nueva York, EUA :  |b Kino International Corporation [distribución],  |c 2007, c2007 
300 |a 1 DVD sin dato de región (74 min.) :  |b color 
336 |a imagen móvil bidimensional  |b tdi  |2 rdacontenido 
337 |a video  |b v  |2 rdamedio 
338 |a videodisco  |b vd  |2 rdasoporte 
500 |a Basado en: Ashik Kerib, de Mijaíl Y. Lérmontov 
546 |a En azerí y georgiano, con subtítulos opcionales: español, francés, inglés 
546 |a Doblaje opcional: ruso 
586 |a Premio de la Academia Europea de Cine (1°: 1988): Mejor Dirección (finalista: Sergei Parajanov) 
649 |a XX 
650 |a Juglares y Trovadores en el Cine 
650 |a Surrealismo en el Cine 
650 |a Cine Fantástico 
650 |a Cine Experimental -  |z Georgia 
650 |a Cine Georgiano -  |y 1980-1989 
650 |a Cine Georgiano -  |y Siglo XX 
650 |a Cuentos Rusos -  |x Adaptaciones para Cine 
650 |a Literatura Rusa -  |y Siglo XIX -  |x Adaptaciones para Cine 
650 |a Literatura y Cine 
650 |a Folklore -  |z Azerbaiján 
650 |a Prácticas Culturales -  |z Azerbaiján 
650 |a Azerbaiján en el Cine 
650 |a Azerbaiján -  |x Condiciones Sociales y Culturales 
700 |a Abashidze, Dodo  |e (realización) 
700 |a Badridze, Gia  |e (guión) 
700 |a Yavuryan, Albert  |e (fotógrafo) 
700 |a Magalashvili, Eka  |e (vestuario) 
700 |a Kuliyev, Dzhavanshir  |e (música) 
700 |a Mgoyan, Yuri  |e (actuación) 
700 |a Chiaureli, Sofiko  |e (actuación) 
700 |a Chkhikvadze, Ramaz  |e (actuación) 
910 |a Fondo General 
920 |a Audiovisuales - DVDs 
940 |a Películas 
905 |a 302 
901 |a 0500264118  |b IT2  |c DVS  |i C150800  |u 20250521 
902 |a https://opac.biblio.iteso.mx/vufind/Record/000376658